Normal view
MARC view
- HARIPRIYA P. R
Entry Personal Name
001 - CONTROL NUMBER
- control field: 3711
003 - CONTROL NUMBER IDENTIFIER
- control field: OSt
005 - DATE AND TIME OF LATEST TRANSACTION
- control field: 20181012121456.0
008 - FIXED-LENGTH DATA ELEMENTS
- fixed length control field: 181012|| aca||aabn | a|a d
040 ## - CATALOGING SOURCE
- Original cataloging agency: OSt
- Transcribing agency: OSt
100 ## - HEADING--PERSONAL NAME
- Personal name: HARIPRIYA P. R
670 ## - SOURCE DATA FOUND
- Source citation: Work cat.: (OSt)15156: HARIPRIYA P. R, Evaluation of aquifer parameters from drawdown and pumping out data in open wells
